Loading...
| Social Science | 2 | 3 | 1 | 1 | 55 | 44 | 98.00 | 4 | 5 |
| Science - Chemistry | 0 | 5 | 0 | 1 | 50 | 113 | 124.40 | 0 | 5 |
| Science - Physics | 0 | 5 | 1 | 0 | 45 | 89 | 108.40 | 3 | 5 |
| Science - Other Science | 0 | 4 | 1 | 1 | 35 | 72 | 117.25 | 1 | 4 |
| Fine Arts - Other Fine Arts | 0 | 3 | 1 | 0 | 25 | 101 | 129.67 | 2 | 3 |
| Literature - Poetry | 0 | 2 | 0 | 0 | 20 | 103 | 116.50 | 0 | 2 |
| Literature - Drama | 0 | 2 | 0 | 0 | 20 | 117 | 127.50 | 0 | 1 |
| Mythology | 0 | 2 | 0 | 0 | 20 | 117 | 128.50 | 0 | 2 |
| Philosophy | 0 | 1 | 0 | 0 | 10 | 83 | 83.00 | 1 | 1 |
| Science - Biology | 0 | 2 | 2 | 0 | 10 | 82 | 82.00 | 2 | 2 |
| History - World History | 0 | 1 | 1 | 0 | 5 | 96 | 96.00 | 0 | 0 |
| Fine Arts - Classical Music | 0 | 1 | 1 | 0 | 5 | 113 | 113.00 | 0 | 1 |
| Current Events | 0 | 0 | 0 | 0 | 0 | 0.00 | 0 | 0 | |
| Science - Math | 0 | 0 | 1 | 0 | -5 | 0.00 | 0 | 0 | |
| Religion | 0 | 0 | 1 | 0 | -5 | 0.00 | 0 | 0 | |
| Literature - Long Fiction | 0 | 0 | 1 | 0 | -5 | 0.00 | 0 | 0 | |
| Other Academic | 0 | 0 | 2 | 0 | -10 | 0.00 | 0 | 0 |